Taller centroamericano de metodología educativa para los derechos humanos /
Guardado en:
| Autores Corporativos: | , |
|---|---|
| Format: | Texto |
| Udgivet: |
San José:
CODEHUCA. ALFORJA
|
| Tags: |
Tilføj Tag
Ingen Tags, Vær først til at tagge denne postø!
|
MARC
| LEADER | 00000 a a2200000 04500 | ||
|---|---|---|---|
| 001 | 25067 | ||
| 003 | |||
| 040 | |||
| 090 | |a 179600 | ||
| 110 | |a CODEHUCA | ||
| 245 | |a Taller centroamericano de metodología educativa para los derechos humanos / |c CODEHUCA | ||
| 260 | |a San José: |b CODEHUCA. ALFORJA | ||
| 300 | |a 56 p. | ||
| 710 | |a ALFORJA | ||
| 999 | |c 1794 |d 1794 | ||
